00381 2200157 4500001002100000005001500021035002000036245004000056100001700096300002600113260002800139082000800167084001400175020002200189990001200211INLIS00000000000298820250918072259 a0010-09250003351 aCInta Tak Mendendam /cPetra Shandi0 aPetra Shandi a392 hlm ;c13 x 19 cm aJakarta :bZettu,c2013 a813 a813 PET c a978-602-7999-73-2 a0755645